000 00198nam a2200097Ia 4500
008 240625s9999 xx 000 0 und d
041 _aeng
100 _aKENT DAN
245 _aASP NET
260 _c2004
999 _c33230
_d33230